000 00818nam a2200229Ia 4500
005 20211111074539.0
008 130821s2000 sp gr spa
020 _a84783231239
040 _aCo-BoUCM
_bspa
041 0 0 _aspa
100 1 _aBebczuk, Ricardo N.
_9163308
245 1 0 _aInformación asimétrica en mercados financieros introducción y aplicaciones
_cRicardo N. Bebczuk
260 _aMadrid (España)
_bCambridge University Press, Lavel
_c2000
300 _a245 páginas
650 0 4 _aFinanzas internacionales
_vModelos matemáticos
_915897
650 0 4 _aFinanzas
_97628
650 0 4 _aMercado de capitales
_919335
650 0 4 _aMercado financiero internacional
_919349
650 0 4 _aMercado financiero
_919348
942 _cLIBRO
_2DEWEY
_a7
_e1
_h332.64
_mB387i
999 _c51778
_d51778